| 000 | 00525nam a2200145Ia 4500 | ||
|---|---|---|---|
| 008 | 170224s9999 xx 000 0 und d | ||
| 100 | _aAlbert Barreda | ||
| 245 | 4 | _aThe Mediating Effect of Virtual Interactivity in Travel-Related Online Social Network Websites | |
| 245 | _cAlbert Barreda, Fevzi Okumus, Khaldoon “Khal” Nusair & Anil Bilgihan | ||
| 260 | _bInternational Journal of Hospitality & Tourism Administration | ||
| 260 | _c2016 | ||
| 300 | _a17:2, Pages: 147-178 | ||
| 500 | _a2016 | ||
| 650 | _xTourism. | ||
| 999 |
_c315633 _d315633 |
||